[Event "Ogolnopolska Olimpiada Mlodziezy D-14"]
[Site "Spala"]
[Date "1899-12-30"]
[Round "2.5"]
[White "Kaczmarska, Joanna"]
[Black "Jurkiewicz, Zuzanna"]
[Result "1-0"]
[WhiteTitle "I++"]
[BlackTitle "I"]
[WhiteElo "1724"]
[BlackElo "1426"]

1. d4 d5 2. c4 Bf5 3. Nc3 e6 4. cxd5 exd5 5. Qb3 Nc6 6. e4 Bxe4 7. Qxb7 Nxd4 8.
Bg5 Qb8 9. Bb5+ c6 10. Qxc6+ Nxc6 11. Bxc6# 1-0

[Event "Ogolnopolska Olimpiada Mlodziezy D-14"]
[Site "Spala"]
[Date "1899-12-30"]
[Round "2.6"]
[White "Buchta, Agnieszka"]
[Black "Stebel, Agata"]
[Result "0-1"]
[WhiteTitle "II"]
[BlackTitle "I"]
[WhiteElo "1352"]
[BlackElo "1673"]

1. e4 c5 2. c3 d5 3. exd5 Qxd5 4. Nf3 Nc6 5. d4 e5 6. Be3 cxd4 7. cxd4 Bg4 8. Nc3
Bb4 9. Be2 Bxc3+ 10. bxc3 exd4 11. cxd4 Nf6 12. O-O O-O 13. Qc2 Rac8 14. Qb2 b6
15. Rac1 Qd6 16. Rfd1 Nd5 17. Ng5 Bxe2 18. Qxe2 Rfe8 19. Qf3 f6 20. Nh3 Ncb4 21.
Qe2 Nc3 22. Rxc3 Rxc3 23. Qb2 Nd5 24. Nf4 Rec8 25. Nd3 Nxe3 26. fxe3 Qe6 27. Qf2
Qe4 28. Qe2 Rc2 29. Rd2 Rxd2 30. Qxd2 Qc6 31. Qe2 Qc2 32. Qg4 Qb1+ 33. Kf2 Qxa2+
34. Kf3 Qc4 35. Nf4 Qf1+ 36. Kg3 Qe1+ 37. Kf3 Re8 38. Ne6 Qd1+ 39. Kg3 Qxg4+ 40.
Kxg4 Rxe6 0-1

[Event "Ogolnopolska Olimpiada Mlodziezy D-14"]
[Site "Spala"]
[Date "1899-12-30"]
[Round "2.7"]
[White "Leczek, Weronika"]
[Black "Krzywnicka, Maria"]
[Result "1/2-1/2"]
[WhiteTitle "I"]
[BlackTitle "II"]
[WhiteElo "1632"]
[BlackElo "1360"]

1. e4 c5 2. Nf3 d6 3. d4 cxd4 4. Nxd4 Nf6 5. Nc3 a6 6. Be2 e5 7. Nb3 Be7 8. O-O
O-O 9. Bg5 Nbd7 10. Kh1 b5 11. Nd5 Nxd5 12. Qxd5 Rb8 13. Bxe7 Qxe7 14. Rad1 Rb6
15. f4 Bb7 16. Qd3 exf4 17. Rxf4 Qe5 18. Rdf1 Qxb2 19. Bg4 Ne5 20. Qe3 Rc6 21.
Na5 Rc7 22. Nxb7 Rxb7 23. Bf5 g6 24. Qh3 gxf5 25. Rh4 f6 26. Qxf5 Qxa2 27. g4
Qxc2 28. g5 Rg7 29. Qe6+ Nf7 30. Rg4 Rxg5 31. Rxg5+ fxg5 32. Rg1 Qd2 33. h4 h6
34. Qg6+ Kh8 35. Rf1 Qa2 36. Qf6+ Kh7 37. Qf5+ Kg8 38. Qg6+ Kh8 39. Qf6+ Kg8 1/2-1/2

[Event "Ogolnopolska Olimpiada Mlodziezy D-14"]
[Site "Spala"]
[Date "1899-12-30"]
[Round "2.8"]
[White "Bakalarczyk, Zuzanna"]
[Black "Cieslak, Wiktoria"]
[Result "0-1"]
[WhiteTitle "II"]
[BlackTitle "I"]
[WhiteElo "1246"]
[BlackElo "1615"]

1. e4 c5 2. c3 Nf6 3. d3 Nc6 4. Nf3 d6 5. Be2 g6 6. Qc2 Bg7 7. d4 cxd4 8. cxd4
Qb6 9. Be3 Ng4 10. Qd2 Nxe3 11. fxe3 O-O 12. Nc3 e6 13. O-O Ne7 14. Rac1 h5 15.
Bd3 e5 16. Bc4 Bg4 17. dxe5 dxe5 18. Nd5 Nxd5 19. exd5 Rad8 20. Rf2 Bh6 21. Re1
Rfe8 22. Qc3 Bg7 23. e4 Bf8 24. Kf1 Bb4 25. Qc2 Bxe1 26. Kxe1 Qb4+ 27. Qc3 Qxc3+
28. bxc3 Rd6 29. Bb5 Bd7 30. Bxd7 Rxd7 31. Kd2 f5 32. Kd3 Kg7 33. g3 Kf6 34. Nh4
Red8 35. c4 b5 36. exf5 bxc4+ 37. Kxc4 Rc8+ 38. Kb4 g5 39. Nf3 Rxd5 40. Nd2 Rd4+
41. Kb3 Rcd8 42. Nf3 Rd3+ 43. Kc2 e4 0-1

[Event "Ogolnopolska Olimpiada Mlodziezy D-14"]
[Site "Spala"]
[Date "1899-12-30"]
[Round "2.10"]
[White "Karykowska, Anna"]
[Black "Borkowska, Zuzanna"]
[Result "1-0"]
[WhiteTitle "I+"]
[BlackTitle "II+"]
[WhiteElo "1525"]
[BlackElo "1342"]

1. e4 c5 2. Nf3 Nc6 3. d4 cxd4 4. Nxd4 g6 5. c3 Bg7 6. Nxc6 bxc6 7. Bd3 Nf6 8.
O-O O-O 9. Nd2 d6 10. Kh1 Qc7 11. f4 Ng4 12. Qe2 e5 13. f5 Nf6 14. fxg6 fxg6 15.
Nf3 Bg4 16. h3 Bxf3 17. Rxf3 d5 18. Bg5 Nh5 19. Raf1 Rxf3 20. Rxf3 Rf8 21. Rxf8+
Bxf8 22. Qf3 Qf7 23. Qxf7+ Kxf7 24. exd5 cxd5 25. Be3 a5 26. a4 e4 27. Bb5 Ng3+
28. Kg1 Nf5 29. Bb6 Bh6 30. Bxa5 Bc1 31. b3 Bd2 32. Bb6 Bxc3 33. a5 d4 34. a6
d3 35. a7 d2 36. Be2 Ng3 37. Bd1 Nf5 38. a8=Q e3 39. Qd5+ Kg7 40. Qc4 Be5 41.
Qd3 1-0

[Event "Ogolnopolska Olimpiada Mlodziezy D-14"]
[Site "Spala"]
[Date "1899-12-30"]
[Round "2.11"]
[White "Kwiatkowska, Agnieszka"]
[Black "Gil, Oliwia"]
[Result "1-0"]
[WhiteTitle "II+"]
[BlackTitle "II"]
[WhiteElo "1518"]
[BlackElo "1316"]

1. e4 e5 2. Nf3 Nf6 3. Nxe5 d6 4. Nf3 Nxe4 5. Nc3 Nxc3 6. dxc3 Be7 7. Bf4 O-O 8.
Qd2 Nc6 9. Bd3 Be6 10. O-O-O Qd7 11. Kb1 Rfb8 12. h4 a5 13. h5 b5 14. Ng5 Bxg5
15. Bxg5 b4 16. f4 f6 17. Bh4 bxc3 18. Qxc3 Nb4 19. a3 Nd5 20. Qd2 Qc6 21. Ka1
Qc5 22. Bf2 Qc6 23. Be4 Qb7 24. c4 c6 25. cxd5 Bxd5 26. Bxd5+ cxd5 27. Qxd5+ Qxd5
28. Rxd5 Re8 29. Re1 Rxe1+ 30. Bxe1 Re8 31. Bxa5 Re4 32. Rxd6 Rxf4 33. b4 Rf1+
34. Kb2 Rf2+ 35. Kb3 Rxg2 36. b5 Rg1 37. b6 h6 38. Bb4 Rg5 39. b7 1-0

[Event "Ogolnopolska Olimpiada Mlodziezy D-14"]
[Site "Spala"]
[Date "1899-12-30"]
[Round "2.12"]
[White "Dwilewicz, Agata"]
[Black "Socko, Weronika"]
[Result "0-1"]
[WhiteTitle "I"]
[BlackTitle "II+"]
[WhiteElo "1585"]
[BlackElo "1518"]

1. e4 e6 2. d4 d5 3. Nd2 c5 4. exd5 exd5 5. dxc5 Bxc5 6. Nb3 Be7 7. Nf3 Nf6 8.
Be2 O-O 9. O-O Nc6 10. Be3 b6 11. Nbd4 Bb7 12. Bb5 Rc8 13. c3 Bc5 14. Re1 a6 15.
Nxc6 Bxc6 16. Bxa6 Ra8 17. Bd3 Re8 18. Nd4 Bb7 19. Bb5 Re4 20. Bd3 Re8 21. Bf5
Ne4 22. f3 Nd6 23. Bd3 Nc4 24. Qc1 Nxe3 25. Rxe3 Qf6 26. Kh1 Bxd4 27. cxd4 Qxd4
28. Rxe8+ Rxe8 29. Qd2 g6 30. Rd1 Ba6 31. h3 Bxd3 32. Kh2 Re3 33. b4 Qe5+ 34.
Kg1 Bc4 35. f4 Qxf4 36. a4 Qe5 37. b5 Re2 38. Qb4 Qg3 0-1

[Event "Ogolnopolska Olimpiada Mlodziezy D-14"]
[Site "Spala"]
[Date "1899-12-30"]
[Round "2.13"]
[White "Malinowska, Monika"]
[Black "Kalinowska, Karolina"]
[Result "1/2-1/2"]
[WhiteTitle "II+"]
[BlackTitle "I"]
[WhiteElo "1326"]
[BlackElo "1537"]

1. d4 d5 2. c4 e6 3. Nc3 Nf6 4. Bg5 Be7 5. Nf3 O-O 6. e3 h6 7. Bh4 Ne4 8. Bxe7
Qxe7 9. cxd5 Nxc3 10. bxc3 exd5 11. Be2 c6 12. O-O Nd7 13. Rb1 Nf6 14. Qc2 Ne4
15. Ne5 Qg5 16. Nf3 Qf6 17. c4 Bf5 18. Bd3 b6 19. Rbc1 Nd6 20. Bxf5 Nxf5 21. cxd5
cxd5 22. Qc6 Qxc6 23. Rxc6 Rac8 24. Rfc1 Ne7 25. Rc7 Rxc7 26. Rxc7 Rc8 27. Rxc8+
Nxc8 28. Kf1 Kf8 29. Ke2 Nd6 30. Nd2 b5 31. Kd3 Ke7 32. Nb3 Nb7 33. Kc3 a5 34.
a3 Kd7 35. Nd2 Nd6 36. Kd3 Kc6 37. f3 f5 38. Nb1 Nc4 39. h3 h5 40. Ke2 g5 41.
Kd3 1/2-1/2

[Event "Ogolnopolska Olimpiada Mlodziezy D-14"]
[Site "Spala"]
[Date "1899-12-30"]
[Round "2.14"]
[White "Szelag, Zuzanna"]
[Black "Tkaczyk, Weronika"]
[Result "1/2-1/2"]
[WhiteTitle "I"]
[BlackTitle "II"]
[WhiteElo "1534"]
[BlackElo "1372"]

1. e4 e5 2. Nf3 Nc6 3. Bc4 Nf6 4. Ng5 d5 5. exd5 Na5 6. Bb5+ c6 7. dxc6 bxc6 8.
Be2 h6 9. Nf3 e4 10. Ne5 Qd5 11. f4 exf3 12. Nxf3 Bc5 13. d4 Bb6 14. Nc3 Qd6 15.
O-O O-O 16. Kh1 Bg4 17. Ne5 Bxe2 18. Nxe2 Rad8 19. c3 Ne4 20. Qe1 f6 21. Ng6 Rfe8
22. Qh4 f5 23. Nef4 Nc4 24. b3 Bxd4 25. cxd4 Qxd4 26. Rb1 Nf2+ 27. Kg1 Ng4+ 28.
Kh1 Nf2+ 29. Kg1 Nd3+ 30. Kh1 Nf2+ 1/2-1/2

[Event "Ogolnopolska Olimpiada Mlodziezy D-14"]
[Site "Spala"]
[Date "1899-12-30"]
[Round "2.15"]
[White "Gredka, Dominika"]
[Black "Zalewska, Katarzyna"]
[Result "1-0"]
[WhiteTitle "I"]
[BlackTitle "II+"]
[WhiteElo "1470"]
[BlackElo "1331"]

1. e4 e5 2. Nf3 Nc6 3. Bb5 a6 4. Ba4 b5 5. Bb3 Nf6 6. O-O Be7 7. Re1 d6 8. h3 O-O
9. c3 Re8 10. d4 Bb7 11. Nbd2 Bf8 12. Bc2 h6 13. Nf1 g6 14. Ng3 Bg7 15. Be3 Kh7
16. Qd2 Re7 17. d5 Nb8 18. Rad1 Rd7 19. Qc1 Ne8 20. Kh2 c6 21. dxc6 Bxc6 22. Kg1
Bb7 23. a3 Nc6 24. Re2 Qc7 25. h4 Nf6 26. h5 Ne7 27. hxg6+ fxg6 28. Bd2 Rh8 29.
Bb3 Nfg8 30. Nh4 Bf6 31. Nf3 Kg7 32. Nh2 Bh4 33. Ngf1 d5 34. exd5 Bxd5 35. Bxd5
Nxd5 36. Nf3 Bf6 37. N1h2 Nf4 38. Bxf4 Rxd1+ 39. Qxd1 exf4 40. Ng4 g5 41. Rd2
Ne7 42. Rd7 Qc8 43. Nxf6 Kxf6 44. Qd6+ Kf5 45. Nd4+ Kg4 46. Qe6+ Kh5 47. Rxe7
Qa8 48. Qh3+ Kg6 49. Re6+ Kg7 50. Qh5 Qd5 51. Re7+ Kf6 52. Re6+ Kg7 53. Qg6+ Kf8
54. Re8# 1-0

[Event "Ogolnopolska Olimpiada Mlodziezy D-14"]
[Site "Spala"]
[Date "1899-12-30"]
[Round "2.16"]
[White "Pedrak, Paulina"]
[Black "Gowin, Malgorzata"]
[Result "1-0"]
[WhiteTitle "I"]
[BlackTitle "II+"]
[WhiteElo "1367"]
[BlackElo "1458"]

1. e4 c5 2. Nf3 a6 3. d4 cxd4 4. Nxd4 Nf6 5. Nc3 e5 6. Nf3 Nc6 7. a3 Bc5 8. Bc4
h6 9. O-O d6 10. h3 O-O 11. b4 Bd4 12. Nxd4 Nxd4 13. Bb2 Be6 14. Bxe6 Nxe6 15.
Re1 Nf4 16. Ne2 Ne6 17. Ng3 g6 18. Qd2 Kg7 19. Rad1 Ne8 20. Kh1 Rc8 21. f4 f6
22. f5 Nf4 23. fxg6 Kxg6 24. Nf5 Rh8 25. Nxd6 Nxd6 26. Qxd6 Qxd6 27. Rxd6 Kg5
28. Bc1 Kg6 29. Bxf4 exf4 30. Rf1 Rxc2 31. Rxf4 Rf8 32. e5 Rc6 33. Rxc6 bxc6 34.
Rxf6+ Rxf6 35. exf6 Kxf6 36. g4 Kg5 37. Kg2 Kf4 38. Kf2 Kg5 39. Kg3 Kg6 40. Kf4
Kf7 41. Kf5 1-0

[Event "Ogolnopolska Olimpiada Mlodziezy D-14"]
[Site "Spala"]
[Date "1899-12-30"]
[Round "2.17"]
[White "Ciesinska, Weronika"]
[Black "Ossolinska, Matylda"]
[Result "1/2-1/2"]
[WhiteTitle "II"]
[BlackTitle "II"]
[WhiteElo "1335"]
[BlackElo "1426"]

1. e4 d6 2. d4 Nf6 3. Nc3 e5 4. dxe5 dxe5 5. Qxd8+ Kxd8 6. Bg5 Be6 7. Bxf6+ gxf6
8. O-O-O Bd6 9. Nf3 Nd7 10. Kb1 Be7 11. Be2 c6 12. Nh4 Kc7 13. Rd2 b5 14. Nf5
Bxf5 15. exf5 Rhg8 16. Rhd1 Rad8 17. g4 Nc5 18. f3 Rxd2 19. Rxd2 Rd8 20. Rxd8
Bxd8 21. Kc1 Kd6 22. Ne4+ Nxe4 23. fxe4 Bb6 24. Kd2 Bd4 25. c3 Bg1 26. h3 Bh2
27. b4 Bf4+ 28. Kc2 Kc7 29. c4 a6 30. Kb3 Kb6 31. a4 Be3 32. cxb5 cxb5 33. axb5
axb5 34. Kc2 h6 35. Kd3 Bf4 36. Bf1 Bg3 37. Ke2 Bf4 38. Kd3 Bg5 1/2-1/2

[Event "Ogolnopolska Olimpiada Mlodziezy D-14"]
[Site "Spala"]
[Date "1899-12-30"]
[Round "2.18"]
[White "Humin, Julia"]
[Black "Popiel, Natalia"]
[Result "1-0"]
[WhiteTitle "II+"]
[BlackTitle "II"]
[WhiteElo "1418"]
[BlackElo "1319"]

1. e4 e5 2. Nf3 Nc6 3. Bb5 a6 4. Bxc6 bxc6 5. Nc3 d6 6. O-O Nf6 7. d4 exd4 8. Nxd4
Bd7 9. Re1 Be7 10. Bf4 O-O 11. h3 Rb8 12. Re3 c5 13. Nb3 c4 14. Na5 Rxb2 15. Nxc4
Rb4 16. Nd2 d5 17. a3 d4 18. Rd3 dxc3 19. axb4 cxd2 20. Rxd2 Bxb4 21. Rd3 Qc8
22. e5 Bb5 23. Rb3 Rd8 24. Qc1 Nd5 25. c4 Nc3 26. Qe3 Bxc4 27. Rxc3 Bxc3 28. Qxc3
Bb5 29. Qg3 Rd3 30. f3 Qd7 31. Re1 c6 32. Bh6 g6 33. e6 Qd4+ 34. Kh1 fxe6 35.
Qb8+ Qd8 36. Qe5 Qd7 37. Qf4 Qd8 38. Rxe6 Rd5 39. Rf6 Rf5 40. Rxf5 gxf5 41. Qxf5
Qd1+ 42. Kh2 Qd6+ 43. Bf4 Qg6 44. Qc8+ Kf7 45. Qd7+ Kg8 46. Qd8+ Kf7 47. Bd6 Qe6
48. Qc7+ Kg6 49. Bf8 Qf6 50. Qg3+ Kf7 51. Bc5 Qg6 52. Qe5 Qf6 53. Qh5+ Qg6 54.
Qh4 Kg7 55. Qe7+ Qf7 56. Bd4+ Kg6 57. Qd6+ Kh5 58. g4+ Kg5 59. Be3+ Kh4 60. Qh6+
Qh5 61. Qxh5# 1-0

[Event "Ogolnopolska Olimpiada Mlodziezy D-14"]
[Site "Spala"]
[Date "1899-12-30"]
[Round "2.19"]
[White "Spadlo, Katarzyna"]
[Black "Ziziuk, Martyna"]
[Result "1/2-1/2"]
[WhiteTitle "II"]
[BlackTitle "II+"]
[WhiteElo "1318"]
[BlackElo "1412"]

1. e4 e5 2. Nf3 Nc6 3. d4 exd4 4. Nxd4 d6 5. Bb5 Bd7 6. Be3 Nf6 7. f3 Be7 8. Nd2
O-O 9. Bd3 Ne5 10. h3 d5 11. Bf4 Ng6 12. Bh2 c5 13. Nf5 Re8 14. e5 Bxf5 15. Bxf5
Nd7 16. Bxg6 hxg6 17. O-O c4 18. Kh1 Bc5 19. f4 b5 20. Qg4 Qe7 21. Nf3 Nf8 22.
Bg3 Qe6 23. Qh4 Nh7 24. Ng5 Nxg5 25. Qxg5 Be7 26. Qg4 Qxg4 27. hxg4 Bc5 28. Bf2
Bxf2 29. Rxf2 Re7 30. Rd1 Rd8 31. Rfd2 Red7 32. f5 gxf5 33. gxf5 Kf8 34. g4 d4
35. Kg2 Rd5 36. Kf3 Rxe5 37. Rxd4 Rxd4 38. Rxd4 Ke7 39. a4 a6 40. axb5 axb5 1/2-1/2

[Event "Ogolnopolska Olimpiada Mlodziezy D-14"]
[Site "Spala"]
[Date "1899-12-30"]
[Round "2.20"]
[White "Wojcik, Jagoda"]
[Black "Borsuk, Aleksandra"]
[Result "1-0"]
[WhiteTitle "I"]
[BlackTitle "II"]
[WhiteElo "1407"]
[BlackElo "1228"]

1. e4 e5 2. Nf3 Nc6 3. d4 exd4 4. Nxd4 Qh4 5. Be3 Qxe4 6. Nc3 Bb4 7. Ndb5 Kd8 8.
Qd2 Qe8 9. O-O-O a6 10. Nxc7 Kxc7 11. Nd5+ Kb8 12. Nxb4 Qe7 13. Bf4+ Ka7 14. Nd5
Qe4 15. f3 Qe6 16. Re1 Qg6 17. Qe3+ Nd4 18. Qxd4+ b6 19. Qxb6+ Qxb6 20. Be3 Qxe3+
21. Rxe3 Bb7 22. Nb4 Nf6 23. Ra3 Kb6 24. Rb3 Ka7 25. Nd3 Bd5 26. Ra3 Kb6 27. Nb4
a5 28. Nxd5+ Nxd5 29. Rb3+ Kc5 30. Bb5 Nf6 31. Rd1 Rhd8 32. Ba4 h6 33. Rc3+ Kb4
34. Rd4# 1-0

[Event "Ogolnopolska Olimpiada Mlodziezy D-14"]
[Site "Spala"]
[Date "1899-12-30"]
[Round "2.21"]
[White "Samujlo, Agnieszka"]
[Black "Kostecka, Marika"]
[Result "1/2-1/2"]
[WhiteTitle "II"]
[BlackTitle "II"]
[WhiteElo "1216"]
[BlackElo "1392"]

1. e4 e5 2. Nf3 Nc6 3. Bb5 Nge7 4. Nc3 a6 5. Bxc6 Nxc6 6. d3 Bc5 7. Be3 Bb6 8.
O-O d6 9. Bxb6 cxb6 10. h3 O-O 11. Re1 Ne7 12. Qd2 Ng6 13. Ne2 h6 14. Qe3 f5 15.
exf5 Bxf5 16. Ng3 Bd7 17. Qe4 Qf6 18. Qxb7 Bxh3 19. gxh3 Qxf3 20. Qxf3 Rxf3 21.
Re3 Rf7 22. Rf1 Nf4 23. Kh2 Raf8 24. c4 Rd8 25. Ne2 Ne6 26. d4 Nxd4 27. Nxd4 exd4
28. Re4 d3 29. Re3 d2 30. Rd3 Rf4 31. b3 a5 32. Rxd2 a4 33. Kg3 Re4 34. Rfd1 axb3
35. axb3 Re6 36. b4 Kf7 37. c5 bxc5 38. bxc5 Ke7 39. cxd6+ Rdxd6 40. Rxd6 Rxd6
41. Rxd6 Kxd6 1/2-1/2

[Event "Ogolnopolska Olimpiada Mlodziezy D-14"]
[Site "Spala"]
[Date "1899-12-30"]
[Round "2.22"]
[White "Daliga, Anita"]
[Black "Bochniarz, Katarzyna"]
[Result "1-0"]
[WhiteTitle "II+"]
[BlackTitle "II"]
[WhiteElo "1390"]
[BlackElo "1192"]

1. e4 e5 2. Nf3 Nf6 3. Nc3 Bb4 4. Bc4 d6 5. d3 O-O 6. Bd2 Nc6 7. a3 Ba5 8. h3 h6
9. O-O Bd7 10. b4 Bb6 11. Nd5 Nd4 12. c3 Nxf3+ 13. Qxf3 Nxd5 14. Bxd5 c6 15. Ba2
Be6 16. Qg3 Qf6 17. Kh1 Kh8 18. f4 Bc7 19. fxe5 Qxe5 20. Qxe5 dxe5 21. Bxe6 fxe6
22. Be3 a6 23. Kg1 Kg8 24. Bc5 Rf7 25. Rxf7 Kxf7 26. Rf1+ Kg6 27. Rf3 Rd8 28.
Kf1 Bd6 29. Bxd6 Rxd6 30. Ke2 Rd7 31. Rf1 Kg5 32. g3 Kg6 33. Ke3 h5 34. h4 Rf7
35. Rxf7 Kxf7 36. d4 Kf6 37. a4 b6 38. Kd3 g6 39. Kc4 exd4 40. cxd4 Ke7 41. a5
bxa5 42. bxa5 Kd7 43. Kc5 Ke7 44. e5 Kd7 45. Kb6 Ke7 46. Kxc6 Ke8 47. Kd6 Kf7
48. Kd7 Kf8 49. Kxe6 Kg7 50. d5 Kf8 51. Kd7 Kf7 52. e6+ Kf6 53. e7 Kf5 54. e8=Q
1-0

[Event "Ogolnopolska Olimpiada Mlodziezy D-14"]
[Site "Spala"]
[Date "1899-12-30"]
[Round "3.1"]
[White "Stebel, Agata"]
[Black "Sliwicka, Alicja"]
[Result "1-0"]
[WhiteTitle "I"]
[BlackTitle "WFM"]
[WhiteElo "1673"]
[BlackElo "1841"]

1. e4 c5 2. c3 d5 3. exd5 Qxd5 4. d4 e6 5. Nf3 Nf6 6. Be3 cxd4 7. cxd4 Be7 8. Nc3
Qd8 9. Bd3 O-O 10. O-O b6 11. Qe2 Bb7 12. Rad1 Nc6 13. a3 Rc8 14. Bb1 Na5 15.
Ne5 Bxa3 16. Nb5 Bb4 17. Nxa7 Qd5 18. f3 Ra8 19. Nb5 Rfc8 20. Bg5 Ba6 21. Bd3
Ne8 22. Bh4 Bxb5 23. Bxb5 Nd6 24. Bd3 Ra7 25. Be4 Qb5 26. Bd3 Qd5 27. Be4 Qb5
28. Bd3 Qe8 29. Bb1 Nf5 30. Bf2 Ne7 31. Qe4 f5 32. Qd3 Nd5 33. Ba2 Rd8 34. Nc4
Qg6 35. Ne5 Qe8 36. Rc1 Raa8 37. Rc2 Be7 38. Rfc1 Bg5 39. Re1 Nb4 40. Qxf5 Nxa2
41. Qxg5 Rac8 42. Rce2 Nb3 43. Ng4 Qf8 44. Rxe6 Nxd4 45. Bxd4 Rxd4 46. Re7 Rdc4
47. Nh6+ Kh8 48. Nf7+ Kg8 49. Qd5 Nb4 50. Qe6 R4c6 51. Nd6+ Kh8 52. Re8 Rxe8 53.
Qxe8 Kg8 54. Qxf8+ Kxf8 55. Re8# 1-0

[Event "Ogolnopolska Olimpiada Mlodziezy D-14"]
[Site "Spala"]
[Date "1899-12-30"]
[Round "3.2"]
[White "Antolak, Julia"]
[Black "Karykowska, Anna"]
[Result "1-0"]
[WhiteTitle "I++"]
[BlackTitle "I+"]
[WhiteElo "1809"]
[BlackElo "1525"]

1. e4 c5 2. Nf3 a6 3. c4 e6 4. Nc3 Qc7 5. d4 cxd4 6. Nxd4 Nf6 7. Bd3 Be7 8. Qe2
d6 9. O-O O-O 10. Kh1 Nc6 11. Nxc6 bxc6 12. f4 Qa5 13. e5 dxe5 14. fxe5 Nd7 15.
Bf4 Nc5 16. Bc2 Qb6 17. Ne4 Re8 18. Nf6+ Bxf6 19. exf6 g6 20. Bd6 Nd7 21. Qd2
Qxb2 22. Rab1 Qxa2 23. Be7 Kh8 24. Qh6 Rg8 25. Bd3 Qa5 26. Rf3 Qh5 27. Qd2 Rb8
28. Rbf1 Qe5 29. Rh3 Rb2 30. Qh6 1-0

[Event "Ogolnopolska Olimpiada Mlodziezy D-14"]
[Site "Spala"]
[Date "1899-12-30"]
[Round "3.3"]
[White "Cieslak, Wiktoria"]
[Black "Frej, Zofia"]
[Result "1/2-1/2"]
[WhiteTitle "I"]
[BlackTitle "I+"]
[WhiteElo "1615"]
[BlackElo "1747"]

1. e4 c5 2. Nf3 Nc6 3. d4 cxd4 4. Nxd4 g6 5. c4 Nf6 6. Nc3 Nxd4 7. Qxd4 d6 8. Be3
Bg7 9. Be2 O-O 10. Qd2 Be6 11. O-O Rc8 12. b3 Nd7 13. Bd4 b6 14. f4 f5 15. Bxg7
Kxg7 16. Rae1 Nf6 17. Bd3 fxe4 18. Nxe4 Nxe4 19. Bxe4 Qd7 20. Qd3 Rc7 21. h3 Bf5
22. Qd4+ Kg8 23. Bxf5 Qxf5 24. g4 Qc5 25. Qxc5 bxc5 26. Re4 Rf7 27. Kg2 Rc6 28.
Rfe1 Kf8 29. Kg3 Ke8 30. f5 gxf5 31. gxf5 Kd7 32. Kg4 Rc8 33. Re6 Rg8+ 34. Kf4
Rgf8 35. Kg4 a5 36. a4 Rg8+ 37. Kf4 Rg2 38. R6e2 e5+ 39. Ke4 Rg5 40. Rf2 Rg3 41.
Re3 Rg1 42. Rd3 Re1+ 43. Re3 Rg1 44. Rd3 Rg5 45. Rd5 Rf6 46. Rd3 h6 47. Rdf3 Rh5
48. Rg2 Rh4+ 49. Rg4 Rxg4+ 50. hxg4 Rf8 51. Rh3 Rf6 52. Rh5 Kc6 53. g5 hxg5 54.
Rxg5 Rh6 55. Rg4 Rh1 56. Rg8 Rh4+ 57. Kd3 Rf4 58. Rf8 Rf3+ 59. Kc2 Rf2+ 60. Kc1
e4 61. f6 Kd7 62. Ra8 Rxf6 63. Rxa5 Kc6 64. Kd2 Kb7 65. Rb5+ Ka7 66. Ke3 Re6 67.
b4 cxb4 68. Rxb4 Re8 69. Rb5 Rc8 70. Kd4 Re8 71. Rb3 Ka6 72. Re3 Ka5 73. Kd5 Kxa4
74. Kxd6 Kb4 75. c5 Rc8 76. Rxe4+ Kb5 77. Re5 Rc6+ 1/2-1/2

[Event "Ogolnopolska Olimpiada Mlodziezy D-14"]
[Site "Spala"]
[Date "1899-12-30"]
[Round "3.4"]
[White "Parol, Pola"]
[Black "Kwiatkowska, Agnieszka"]
[Result "1-0"]
[WhiteTitle "I"]
[BlackTitle "II+"]
[WhiteElo "1734"]
[BlackElo "1518"]

1. d4 d5 2. c4 e6 3. Nc3 Nf6 4. Bg5 Be7 5. cxd5 exd5 6. e3 Bf5 7. Qb3 b6 8. Bxf6
Bxf6 9. Nxd5 Nd7 10. Nxf6+ Qxf6 11. Nf3 O-O 12. Be2 Rfe8 13. O-O Rad8 14. Rac1
c5 15. Bb5 cxd4 16. Bxd7 Rxd7 17. Nxd4 Be4 18. Rfd1 Red8 19. f3 Bb7 20. Ne2 Rd2
21. Rxd2 Rxd2 22. Rc2 Rd1+ 23. Kf2 Qh4+ 24. Ng3 Qxh2 25. Rc8+ Bxc8 26. Qxd1 Qh4
27. Qd6 h6 28. Qc7 Be6 29. Qxa7 Qb4 30. b3 b5 31. Qa8+ Kh7 32. Qe4+ Qxe4 33. Nxe4
Bf5 34. Nd6 Bb1 35. a3 b4 36. axb4 Ba2 37. b5 Bxb3 38. b6 Bd5 39. b7 Bxb7 40.
Nxb7 Kg6 41. Nd6 Kf6 42. Ne8+ Kg6 43. e4 f6 44. Nd6 Kh7 45. f4 Kg8 46. Kf3 Kf8
47. Kg4 g6 48. Nc4 Ke7 49. Ne3 h5+ 50. Kh4 Ke6 51. Nf1 f5 52. e5 Kd5 53. Kg5 1-0

[Event "Ogolnopolska Olimpiada Mlodziezy D-14"]
[Site "Spala"]
[Date "1899-12-30"]
[Round "3.5"]
[White "Trusz, Julia"]
[Black "Kaczmarska, Joanna"]
[Result "0-1"]
[WhiteTitle "I"]
[BlackTitle "I++"]
[WhiteElo "1533"]
[BlackElo "1724"]

1. e4 e5 2. Nf3 Nc6 3. d4 exd4 4. Nxd4 Nf6 5. Nxc6 bxc6 6. Bd3 Bc5 7. O-O d6 8.
c4 Bg4 9. Qc2 O-O 10. Bg5 h6 11. Bh4 g5 12. Bg3 Nh5 13. Nc3 Qf6 14. Rae1 Nf4 15.
Bxf4 gxf4 16. Be2 h5 17. h3 Bxh3 18. gxh3 f3 19. Kh1 Qh4 20. Bxf3 Qxh3+ 21. Kg1
Kh8 22. Ne2 Rg8+ 23. Ng3 Rxg3+ 0-1

[Event "Ogolnopolska Olimpiada Mlodziezy D-14"]
[Site "Spala"]
[Date "1899-12-30"]
[Round "3.7"]
[White "Krzywnicka, Maria"]
[Black "Gredka, Dominika"]
[Result "0-1"]
[WhiteTitle "II"]
[BlackTitle "I"]
[WhiteElo "1360"]
[BlackElo "1470"]

1. e4 Nf6 2. e5 Nd5 3. d4 d6 4. c4 Nb6 5. Nf3 dxe5 6. Nxe5 g6 7. c5 Nd5 8. Bc4
Bg7 9. Qf3 Be6 10. Qb3 b6 11. cxb6 axb6 12. O-O O-O 13. Nc3 c6 14. Bxd5 cxd5 15.
Be3 Bxe5 16. dxe5 d4 0-1

[Event "Ogolnopolska Olimpiada Mlodziezy D-14"]
[Site "Spala"]
[Date "1899-12-30"]
[Round "3.8"]
[White "Guzik, Natalia"]
[Black "Pedrak, Paulina"]
[Result "0-1"]
[WhiteTitle "I"]
[BlackTitle "I"]
[WhiteElo "1498"]
[BlackElo "1367"]

1. e4 c5 2. Nf3 e6 3. d4 cxd4 4. Nxd4 a6 5. Be3 Nc6 6. Nb3 Qc7 7. c3 Nf6 8. N1d2
b5 9. f3 Bb7 10. Nc5 Bxc5 11. Bxc5 d6 12. Bf2 O-O 13. Bd3 Rac8 14. O-O Ne5 15.
Be2 Rfd8 16. a4 Nc4 17. Nxc4 bxc4 18. a5 Nd7 19. Bg3 Qc5+ 20. Kh1 d5 21. exd5
exd5 22. Bf2 Qc7 23. Bd4 Nc5 24. f4 Re8 25. Bg4 Ra8 26. Qf3 Rad8 27. Qh3 Bc8 28.
Be5 Qb7 29. Bxc8 Rxc8 30. Qg4 g6 31. Qh4 Nd3 32. Bd4 Rc6 33. f5 Qe7 34. f6 Qf8
35. Qg5 Rd6 36. Rad1 h6 37. Qh4 Rde6 38. b4 Re4 39. Qh3 Kh7 40. g4 Re2 41. g5
h5 42. Qg3 R8e4 43. h3 Qc8 44. Kg1 Qe6 45. Bb6 Rc2 46. Bd4 Ree2 47. Kh1 Qe4+ 48.
Rf3 h4 49. Qg4 Rh2+ 50. Kg1 Rcg2+ 51. Qxg2 Rxg2+ 52. Kxg2 Qe2+ 53. Bf2 Qxd1 54.
b5 axb5 55. a6 Nxf2 56. Rxf2 Qa1 57. Re2 Qxa6 58. Re7 Kg8 59. Re8+ Kh7 60. Re7
Qa2+ 61. Kf3 Qc2 62. Rxf7+ Kg8 63. Rg7+ Kf8 64. Rb7 Qxc3+ 65. Ke2 Qd3+ 66. Ke1
c3 67. f7 c2 68. Rb8+ Kxf7 69. Rc8 Qe3+ 70. Kf1 Qxh3+ 71. Ke2 Qxc8 72. Kf3 c1=Q
73. Kg2 Qd2+ 74. Kf3 Qf5# 0-1

[Event "Ogolnopolska Olimpiada Mlodziezy D-14"]
[Site "Spala"]
[Date "1899-12-30"]
[Round "3.9"]
[White "Buchta, Agnieszka"]
[Black "Trybowska, Barbara"]
[Result "0-1"]
[WhiteTitle "II"]
[BlackTitle "I"]
[WhiteElo "1352"]
[BlackElo "1457"]

1. e4 e5 2. Nf3 Nc6 3. Bc4 Bc5 4. c3 d6 5. d3 h6 6. Bb3 Nge7 7. Nbd2 O-O 8. h3
Kh8 9. Nf1 Bb6 10. Ng3 Bd7 11. Nh2 f5 12. O-O f4 13. Ne2 Ng6 14. d4 Nh4 15. dxe5
Qg5 16. g4 Qxe5 17. Bxf4 Rxf4 18. Nxf4 Qxf4 19. Qe2 Qg3+ 20. Kh1 Qg2# 0-1

[Event "Ogolnopolska Olimpiada Mlodziezy D-14"]
[Site "Spala"]
[Date "1899-12-30"]
[Round "3.10"]
[White "Trembowiecka-wysota, Aleksandra"]
[Black "Malinowska, Monika"]
[Result "1-0"]
[WhiteTitle "I"]
[BlackTitle "II+"]
[WhiteElo "1451"]
[BlackElo "1326"]

1. e4 e5 2. Nf3 Nc6 3. d4 exd4 4. Nxd4 Bc5 5. Nb3 Bb6 6. Nc3 Nf6 7. Qe2 d6 8. f3
O-O 9. Be3 Be6 10. O-O-O Na5 11. e5 Bxb3 12. cxb3 Bxe3+ 13. Qxe3 Qe7 14. f4 dxe5
15. Qxe5 Qxe5 16. fxe5 Ng4 17. Rd7 Rac8 18. Nd5 Nxe5 19. Ne7+ Kh8 20. Rd5 Nac6
21. Nxc8 Rxc8 22. a3 g6 23. b4 Rd8 24. Rxd8+ Nxd8 25. Be2 Ne6 26. Rd1 Kg7 27.
Bf3 c6 28. b5 Nxf3 29. gxf3 cxb5 30. Rd7 Nc5 31. Rd5 b6 32. b4 Ne6 33. Kd2 a5
34. bxa5 bxa5 35. Ke3 b4 36. a4 b3 37. Rb5 h5 38. Rxa5 b2 39. Rb5 Nc5 40. a5 Kh6
41. Rxb2 1-0